Responses for Show #8476 - Monday, September 27, 2021

Matt Amodio game 29.

Contestants

[<< previous game]

Angélica Wilcox, an AV service support team lead from Kansas City, Kansas

Justin Stanley, a data scientist from Vancourver, Washington

Matt Amodio, a Ph.D. student from New Haven, Connecticut (whose 28-day cash winnings total $1,004,001)

[next game >>]

Jeopardy! Round responses

SO YOU JUST BOWLED A STRIKE
MUSICAL INSTRUMENTS
MOVIE TAGLINES
THEY'RE SORT OF A BIG DEAL
SUFFRAGETTE
"CITY"
(Mayim: Each response is a city with "City" in its name.)
    $200 30
Jamaica

Matt
    $200 26
a triangle

Justin
    $200 22
A Quiet Place

Justin
    $200 29
captain

Angélica
    $200 23
Nashville

Matt
    $200 27
New York City

Matt
    $400 28
a fist pump

Triple Stumper
    $400 25
a trumpet

Angélica
    $1,400 21
Back to the Future

Justin
    $400 16
honcho

Angélica
    $400 14
Addis Ababa

Matt
    $400 15
Vatican City

Matt
    $600 20
Kingpin

Justin
    $600 24
(Matt: What's drums?)
...
(Mayim: That song was "Sax And [*]". Get it?)
[Laughter]

Violins

Matt
Triple Stumper
    $600 19
The Usual Suspects

Matt
    $600 13
enchilada

Matt
    $600 11
Philadelphia

Matt
    $600 12
(Matt: What's... Dubai?)

Kuwait City

Matt
Triple Stumper
    $800 18
curtsy

Justin
    $800 6
(an electronic) synthesizer

Matt
    $800 17
Bonnie and Clyde

Matt
    $800 10
magnate

Matt
    $800 8
Marie Antoinette

Matt
    $800 9
Mexico City

Matt
    $1000 7
the Dougie

Triple Stumper
    $1000 5
a marimba

Angélica
    $1000 4
(Angélica: What is Reefer Madness?)

Rebel Without a Cause

Angélica
Triple Stumper
    $1000 3
mogul

Matt
    $1000 1
(Angélica: What is Independence Hall?)

Seneca Falls

MattAngélica
    $1000 2
(Matt: What's Virginia City?)

Carson City

Matt
Triple Stumper

Scores at the first commercial break (after clue 15):

Matt Justin Angélica
$5,600 $0 -$1,000

Scores at the end of the Jeopardy! Round:

Matt Justin Angélica
$7,000 $3,200 $0

Double Jeopardy! Round responses

AFRICAN-AMERICAN WRITING
TALK ABOUT THAT WEATHER
ELECTORAL COLLEGE COLLAGE
IT'S A SAIL-EBRATION
DAYTIME TV
A 9-LETTER "N"OUN
    $400 24
passing

Angélica
    $400 27
a flash flood

Justin
    $400 28
California

Matt
    $400 29
the Bicentennial

Justin
    $400 25
Today

Matt
    $400 30
nectarine

Matt
    $800 10
Maya Angelou

Triple Stumper
    $800 23
(Justin: What's an apple?)

grapefruit

Justin
Triple Stumper
    $800 22
the vice president

Angélica
    $800 26
the Titanic

Justin
    $800 18
Kelly Clarkson

Angélica
    $800 19
neologism

Angélica
    $1200 5
(W.E.B.) Du Bois

Matt
    $1200 8
ball lightning

Matt
    $1200 20
Illinois

Matt
    $1200 21
the Constitution

Matt
    $1200 2
The Young and the Restless

Triple Stumper
    $1200 3
Nighthawk

Matt
    $1600 4
Morrison

Matt
    $1600 7
waterspout

Matt
    $2,000 1
faithless

Angélica
    $5,000 13
(Mayim: Wine from [*] grapes.)

Missouri

Matt
    $1600 17
The People's Court

Justin
    $1600 11
nostalgia

Matt
    $2000 6
Gwendolyn Brooks

Triple Stumper
    $2000 9
Utah

Matt
    $2000 14
Nebraska

Matt
    $2000 15
Canada

Matt
    $2000 16
Dr. Phil

Justin
    $2000 12
(Matt: What's, um, Neufchâtel?)
(Angélica: What is Neufchâtel?)
...
(Mayim: Matt and Angélica, you both added an "F"; it's [*].)

Neuchâtel

MattAngélica
Triple Stumper

Scores at the end of the Double Jeopardy! Round:

Matt Justin Angélica
$28,000 $7,600 $2,800
(lock game)

[wagering suggestions for these scores]

Final Jeopardy! Round responses

ROCK LEGENDS
(Mayim: [To Matt] His first was Born to Run in 1975.)
AngélicaWho is Dylan?
$2,787
JustinWho is Bowie?
$1,701
MattWho is Springsteen?
$5,000
(Bruce) Springsteen

Final scores:

Matt Justin Angélica
$33,000 $5,899 $13
29-day champion: $1,037,001 2nd place: $2,000 3rd place: $1,000

Game dynamics:

Coryat scores:

Matt Justin Angélica
$24,600 $6,600 $2,400
30 R
(including 1 DD),
4 W
10 R
(including 1 DD),
1 W
9 R
(including 1 DD),
3 W

Combined Coryat: $33,600

[game clues] [game scores] [suggest correction]

Game tape date: 2021-08-25
The J! Archive is created by fans, for fans. Scraping, republication, monetization, and malicious use prohibited; this site may use cookies and collect identifying information. See terms. The Jeopardy! game show and all elements thereof, including but not limited to copyright and trademark thereto, are the property of Jeopardy Productions, Inc. and are protected under law. This website is not affiliated with, sponsored by, or operated by Jeopardy Productions, Inc. Join the discussion at JBoard.tv.